All Nirvana Songs - Statistics

General Stats
  • This quiz has been taken 510 times
    418 since last reset
  • The average score is 51 of 96
Answer Stats
Album Song % Correct
Nevermind Smells Like Teen Spirit
94%
Nevermind Come as You Are
90%
In Utero Heart-Shaped Box
89%
Bleach About a Girl
87%
Nevermind In Bloom
87%
Nevermind Lithium
87%
Incesticide (New Wave) Polly
86%
Nevermind Polly
86%
In Utero Rape Me
85%
Nevermind Something in the Way
83%
Bleach Blew
81%
Nevermind Breed
78%
With the Lights Out Breed
78%
In Utero All Apologies
77%
Bleach School
76%
Nevermind Drain You
75%
Nevermind On a Plain
75%
Nevermind Territorial Pissings
75%
MTV Unplugged in New York The Man Who Sold the World
75%
Nevermind Endless, Nameless
73%
In Utero Dumb
72%
Bleach Love Buzz
69%
In Utero Serve the Servants
69%
Bleach Floyd the Barber
68%
Nevermind Lounge Act
68%
In Utero Frances Farmer Will Have Her Revenge on Seattle
67%
MTV Unplugged in New York Lake of Fire
67%
MTV Unplugged in New York Where Did You Sleep Last Night
67%
In Utero Pennyroyal Tea
66%
In Utero Scentless Apprentice
66%
Hormoaning Aneurysm
65%
Bleach Negative Creep
64%
Nevermind Stay Away
64%
In Utero Very Ape
64%
In Utero Milk It
63%
Single Sliver
63%
In Utero Radio Friendly Unit Shifter
62%
Nirvana You Know You're Right
62%
Bleach Mr. Moustache
60%
In Utero tourette's
60%
Bleach Big Cheese
59%
Bleach Downer
59%
MTV Unplugged in New York Jesus Doesn't Want Me for a Sunbeam
59%
Incesticide Dive
57%
MTV Unplugged in New York Oh, Me
56%
MTV Unplugged in New York Plateau
56%
Blew Been a Son
55%
Bleach Paper Cuts
55%
Hormoaning Molly's Lips
54%
With the Lights Out Sappy
54%
Incesticide Mexican Seafood
52%
Singles Moist Vagina
52%
Bleach Scoff
52%
Bleach Sifting
52%
Bleach Swap Meet
52%
Incesticide Aero Zeppelin
48%
Incesticide Hairspray Queen
48%
Singles Marigold
47%
Blew Stain
47%
With the Lights Out I Hate Myself and Want to Die
46%
Hormoaning Son of a Gun
46%
Hormoaning D-7
45%
In Utero Gallons of Rubbing Alcohol Flow Through the Strip
44%
Incesticide Beeswax
43%
Incesticide Big Long Now
42%
With the Lights Out Beans
41%
From the Muddy Banks of the Wishkah Spank Thru
41%
With the Lights Out Verse Chorus Verse
41%
Hormoaning Even in His Youth
40%
Singles Curmudgeon
39%
Hormoaning Turnaround
39%
With the Lights Out Old Age
36%
With the Lights Out Do Re Mi
32%
With the Lights Out Heartbreaker
32%
With the Lights Out Mrs. Butterworth
31%
With the Lights Out Anorexorcist
30%
With the Lights Out Oh, the Guilt
30%
With the Lights Out Pen Cap Chew
30%
With the Lights Out They Hung Him on a Cross
28%
With the Lights Out Here She Comes Now
27%
With the Lights Out If You Must
27%
With the Lights Out Pay to Play
27%
With the Lights Out Ain't It a Shame
26%
With the Lights Out Clean Up Before She Comes
26%
With the Lights Out Grey Goose
26%
With the Lights Out Opinion
26%
With the Lights Out Return of the Rat
26%
With the Lights Out The Other Improv
25%
With the Lights Out White Lace and Strange
25%
With the Lights Out Don't Want It All
24%
With the Lights Out Help Me, I'm Hungry
24%
With the Lights Out Raunchola
24%
With the Lights Out Token Eastern Song
24%
With the Lights Out Immigrant Song
19%
With the Lights Out Seasons in the Sun
19%
With the Lights Out Talk to Me
19%
No matching quizzes found
Score Distribution
Percent of People with Each Score
Percentile by Number Answered
Your Score History
You have not taken this quiz since the last reset